000 00705cam a2200241u 4500
001 2287
003 BD-RjUL
005 20211208233522.0
008 131211r19661930enk 001 0 eng d
035 _a(BD-RjUL)2314
040 _aDLC
_cCarP
_dDLC
_dBD-RjUL
_beng
041 _aeng
082 _222
_a338.1094
_bBIE
100 1 _aBirnie, Arthur. [from old catalog]
_97433
245 0 3 _aAn economic history of Europe 1760-1939 /
_cArthur Birnie
260 _aLondon :
_bMethuen & co., ltd.,
_c1930 [Reprinted 1966]
300 _axi, 289, [1] p. ;
_c23 cm.
504 _aIncludes index
651 0 _aEurope
_xEconomic conditions.
_97434
942 _2ddc
_cBK
999 _c2287
_d2287